000
00294nam a2200109Ia 4500
008
171211s9999 xx 000 0 und d
245
_a
Learning QGIS - Third Edition
245
_c
Anita Graser
260
_c
2016
650
_x
SOFTWARE
856
_u
http://down.ebook777.com/064/9781785880339.pdf
999
_c
349292
_d
349292